Responses for show #5411 - Monday, March 3, 2008

Contestants

Gretchen Wahl, a freelance magazine writer from Chicago, Illinois

Robin Woods, a software developer from Aurora, Colorado

Jason Dizon, an attorney from Woodside, New York (whose 3-day cash winnings total $49,900)

Jeopardy! Round responses

LEGAL TERMS
COLLEGE FOOTBALL COACHING LEGENDS
(Alex: We'll identify the coach and give you the years; you identify the college for us.)
COOL CARS
JESUS
HODGEPODGE
7-LETTER WORDS
    $200 23
a verdict

Jason
    $200 1
Ohio State

Jason
    $200 3
park

Robin
    $200 13
Judas

Jason
    $200 18
a flight attendant

Robin
    $200 8
absence

Gretchen
    $400 24
a subpoena

Jason
    $400 2
Michigan

Robin
    $400 4
(Alex: Uses [*]--
good old-fashioned [*].)

radar

Triple Stumper
    $400 14
a pietà

Gretchen
    $400 19
a genie

Gretchen
    $400 9
measles

Gretchen
    $600 25
a tort

Jason
    $600 28
(University of) Nebraska

Gretchen
    $600 5
a Mustang

Robin
    $600 15
Lazarus

Robin
    $600 20
Zimbabwe

Robin
    $600 10
million

Robin
    $800 26
promissory

Robin
    $800 29
(Robin: What is Miami?)

Florida State

JasonRobin
    $1,200 6
(Robin: What is diesel?)
(Alex: Ooh, no. What is [*]?)
(Robin: Oh.)
(Alex: [*]--very much
in the news these days.)

ethanol

Robin
    $800 16
the angel Gabriel

Jason
    $800 21
the Hare Krishna

Gretchen
    $800 11
cobbler

Robin
    $1000 27
gross negligence

Triple Stumper
    $1000 30
Georgia

Jason
    $1000 7
Honda

Robin
    $1000 17
chi & rho

Gretchen
    $1000 22
a Rebel Yell

Jason
    $1000 12
Baroque

Gretchen

Scores at the first commercial break (after clue 15):

Jason Robin Gretchen
$400 $3,000 $2,000

Scores at the end of the Jeopardy! Round:

Jason Robin Gretchen
$5,200 $3,800 $4,800

Double Jeopardy! Round responses

THE AMERICAN REVOLUTION
WORLD OF SINGERS
(Alex: You have to give the country of birth.)
YOU ANIMAL
FICTIONAL DETECTIVES
BUTTONS
"BO"s
    $400 11
tea

Robin
    $400 16
Ireland

Jason
    $400 21
deer

Robin
    $400 6
Charlie Chan

Robin
    $400 26
George Washington

Gretchen
    $400 1
Bohemian

Gretchen
    $800 12
the whites of their eyes

Robin
    $800 17
Spain

Robin
    $800 22
light

Triple Stumper
    $800 7
(Gretchen: Who is Sam Spade?)

Philip Marlowe

Gretchen
Triple Stumper
    $800 27
(Jason: What is a collar?)

a cuff

JasonRobin
    $800 2
bowstring

Robin
    $1200 13
Savannah

Jason
    $1200 18
(Robin: What is the United States?)

Cuba

RobinGretchen
    $1200 23
feathers

Jason
    $1200 8
Easy Rawlins

Jason
    $1200 28
double-breasted

Robin
    $1200 3
Bolivia

Robin
    $1600 14
Lake Champlain

Triple Stumper
    $1600 19
(Jason: What is France?)

Nigeria

JasonRobin
    $1600 24
tuna

Gretchen
    $1600 9
"Bulldog"

Triple Stumper
    $1600 29
a bachelor's button

Robin
    $1600 4
a bolt action

Jason
    $2,000 15
(Alex: Yes, the Swamp Fox.)

Francis Marion

Jason
    $2000 20
(Robin: What is Mexico?)

Colombia

Robin
Triple Stumper
    $2,500 25
(Gretchen: What is...)
(Alex: Hurry.)
(Gretchen: Um... [*]?)
(Alex: YES!)
(Gretchen: [Puts her hands to her mouth] Oh, my gosh!)
(Alex: It's [*].)
(Gretchen: [Sighs])
(Alex: In the nick of time, I might add. All right.)
(Gretchen: Thank you.)
(Alex: Select.)

a tabby

Gretchen
    $2000 10
Nero Wolfe

Triple Stumper
    $2000 30
(Robin: Who is Red Button?)
[Robin's response was initially accepted; the ruling was reversed before the Final Jeopardy! clue was revealed.]

Red Buttons

Robin
Triple Stumper
    $2000 5
a bonobo

Gretchen

Scores at the end of the Double Jeopardy! Round:

Jason Robin Gretchen
$10,400 $8,600 $12,100

[wagering suggestions for these scores]

Final Jeopardy! Round responses

U.S. GEOGRAPHY
(Alex: Pike's Peak's in Colorado; Mt. McKinley is Alaska.)

[ZergCam]
RobinWhat is Mt. McKinley?
$2,500
JasonWhat is Pike's Peak?
$10,400
GretchenWhat is Mauna Kea?
$8,701
Mt. Rainier (in Washington)

Final scores:

Jason Robin Gretchen
$0 $6,100 $3,399
3rd place: $1,000 New champion: $6,100 2nd place: $2,000

Game dynamics:

Coryat scores:

Jason Robin Gretchen
$10,400 $9,800 $11,600
15 R
(including 1 DD),
2 W
21 R,
5 W
(including 1 DD)
14 R
(including 1 DD),
1 W

Combined Coryat: $31,800

The J! Archive is created by fans, for fans. The Jeopardy! game show and all elements thereof, including but not limited to copyright and trademark thereto, are the property of Jeopardy Productions, Inc. and are protected under law. This website is not affiliated with, sponsored by, or operated by Jeopardy Productions, Inc. Join the discussion at JBoard.tv.